| 000 | 00653cam a2200229 4500 | ||
|---|---|---|---|
| 001 | J113678 | ||
| 008 | 010718n2001 000 0 eng u | ||
| 035 | _a(Sirsi) u113678 | ||
| 050 | _a333.337 | ||
| 110 |
_aDTZ Research _93886 |
||
| 245 | _aMORe M25 office research - June 2001 | ||
| 260 |
_aLondon _bDTZ _c2001 |
||
| 300 | _a9p. ; ill. ; 30cm. | ||
| 520 | _aAvailable on the DTZ website http://www.dtz.com | ||
| 650 | _aM25 | ||
| 650 | _aGREATER LONDON | ||
| 650 | _aOFFICES | ||
| 650 | _aPROPERTY-COMMERCIAL PROPERTY-COMMERCIAL PROPERTY MARKET | ||
| 690 | _aPROPERTY-COMMERCIAL PROPERTY | ||
| 856 | _uhttps://www.dtz.com | ||
| 942 | _n0 | ||
| 999 |
_c101543 _d101543 |
||